| 000 | 01024nam a22002657a 4500 | ||
|---|---|---|---|
| 999 |
_c22612 _d22612 |
||
| 003 | AR-CdUCM | ||
| 008 | 190409b ||||| |||| 00| 0 spa d | ||
| 020 | _a9786124150982 | ||
| 040 |
_aMUNICIPALIDAD PROVINCIAL DEL CUSCO _cBIBLIOTECA MUNICIPAL DEL CUSCO |
||
| 082 |
_a321.8/C31 _bC31 |
||
| 100 |
_aGarrido, Antonio _948656 |
||
| 245 |
_aDelitos electorales e integridad electoral comparada / _cAntonio Garrido, F. Ramón Villaplana Jiménez |
||
| 260 |
_aLima : _bJurado Nacional de Elecciones, _c2019. |
||
| 300 |
_a96 páginas. : _bdiagramas ; _c21 cm. |
||
| 440 |
_aCuadernos para el diálogo ; _n31 _948657 |
||
| 500 |
_zBibliografía: p. 86-94. _a"Escuela Electoral y de Gobernabilidad" |
||
| 650 |
_aDelitos electorales _99135 |
||
| 650 |
_aDerecho electoral _944787 |
||
| 650 |
_aSistema electoral _944786 |
||
| 650 |
_aCorrupción política _97666 |
||
| 700 |
_aVillaplana Jiménez, F. Ramón _948658 |
||
| 710 |
_aJurado Nacional de Elecciones _tentidad editora _948650 |
||
| 942 |
_2ddc _cLIBROS |
||
| 945 | _arac | ||